Statistics for Airlines by The Logo

Click here to take the quiz!

General Stats

  • This quiz has been taken 30 times
  • The average score is 12 of 16

Answer Stats

Answer% Correct
Air Canada
96%
American Airlines
96%
Delta Air Lines
96%
Lufthansa
96%
Air France
92%
British Airways
92%
United
92%
Emirates
88%
KLM
88%
Qantas
84%
Air China
76%
Qatar Airways
76%
Aero Mexico
56%
LATAM
56%
Hainan Airlines
28%
Avianca
16%

Score Distribution

Percentile by Number Answered

Percent of People with Each Score

Your Score History

You have not taken this quiz